| 000 | 00487nam a2200181Ia 4500 | ||
|---|---|---|---|
| 003 | GCL | ||
| 008 | 140319s9999 xx 000 0 ara d | ||
| 040 |
_aGCL / _cGCL |
||
| 082 | 0 | 4 |
_a810.9 _bم ا |
| 100 | 1 | _aمحمد حسين هيكل | |
| 245 | 1 | 0 |
_aالفاروق عمر / _cمحمد حسين هيكل |
| 260 |
_a[S.N] : _bدار المعارف ، _c1986 |
||
| 300 | _a368 ص | ||
| 490 | _a | ||
| 650 | 0 | 4 | _aالاسلام |
| 650 | 0 | 4 | _aعمر بن الخطاب |
| 942 |
_2ddc _cBK |
||
| 999 |
_c53126 _d53126 |
||